International regulatory co-operation case studies

Salvato in:
Dettagli Bibliografici
Natura: Libro
Lingua:inglese
Pubblicazione: Paris OECD 2013
Soggetti:
Tags: Aggiungi Tag
Nessun Tag, puoi essere il primo ad aggiungerne!!

MARC

LEADER 00000nam a2200000 4500
001 0181468
005 20240315120815.8
020 |a 978-92-64-20047-0 
041 0 |a eng 
044 |a FR 
245 1 0 |a International regulatory co-operation  |b case studies 
264 1 |a Paris  |b OECD  |c 2013 
300 |a 85 s. 
610 2 0 |a spolupráca medzinárodná 
610 2 0 |a regulácia 
610 2 0 |a predpisy 
610 2 0 |a dohody medzinárodné 
610 2 0 |a tovar spotrebný 
610 2 0 |a ochrana spotrebiteľa 
610 2 0 |a zdanenie dvojité 
610 2 0 |a opatrenia 
610 2 0 |a konkurencia